| 000 | 00870cam a22002773a 4500 | ||
|---|---|---|---|
| 001 | 14959 | ||
| 003 | PGUSA | ||
| 005 | 20140828083323.0 | ||
| 008 | 050207s2005||||xxu|||||s|||||000 p eng d | ||
| 040 |
_aPGUSA _beng |
||
| 042 | _adc | ||
| 050 | 4 | _aPA | |
| 100 | 1 |
_aPrudentius, _d348- |
|
| 245 | 1 | 4 |
_aThe Hymns of Prudentius _h[electronic resource] / _cPrudentius |
| 260 |
_bProject Gutenberg, _c2005 |
||
| 506 | _aPublic domain in the USA. | ||
| 516 | _aElectronic text | ||
| 653 | _aHymns, Latin -- Translations into English | ||
| 653 | _aPrudentius, b. 348 -- Translations into English | ||
| 653 | _aChristian poetry, Latin -- Translations into English | ||
| 700 | 1 |
_aPope, R. Martin _q(Robert Martin), _d1865-1944 |
|
| 740 | 0 | _aCathemerinon. English | |
| 830 | 0 |
_aProject Gutenberg _v14959 |
|
| 856 | 4 | 0 | _uhttp://www.gutenberg.org/ebooks/14959 |
| 942 | _cEB | ||
| 999 |
_c244214 _d244214 |
||